000
00303nam a2200109Ia 4500
008
201217s9999 xx 000 0 und d
100
_a
Prakash, Om
245
0
_a
(The) Dutch East India Company & the Economy of Bengal 1630 - 1720
260
_a
Delhi
_b
Oxford University Press
300
_a
291
942
_c
BK
999
_c
7746
_d
7746